000 00360nam a22001217a 4500
008 180423b xxu||||| |||| 00| 0 eng d
041 _aeng
080 _a043.3
100 _a0
101 _aSHKI-BTH
245 _aPërdorimi i teknologjisë informatike në edukim. Rast Studimi: Zhvillimi i aplikacioneve për Shkollat Fillore
_cBardhi, M.T
942 _2udc
_cBK
999 _c45422
_d45422